U.S. States by Size - Statistics

General Stats
  • This quiz has been taken 1,750 times
    1,704 since last reset
  • The average score is 15 of 50
Answer Stats
Hint Answer % Correct
1 Alaska
100%
2 Texas
99%
3 California
98%
4 Montana
88%
5 New Mexico
71%
6 Arizona
69%
7 Nevada
63%
8 Colorado
58%
9 Wyoming
55%
50 Rhode Island
51%
10 Oregon
50%
49 Delaware
46%
11 Idaho
45%
12 Utah
44%
48 Connecticut
40%
13 Kansas
33%
14 Minnesota
33%
47 Hawaii
32%
17 North Dakota
28%
16 South Dakota
28%
15 Nebraska
27%
46 New Jersey
25%
43 Vermont
25%
44 New Hampshire
24%
45 Massachusetts
22%
42 Maryland
21%
18 Missouri
21%
19 Oklahoma
21%
20 Washington
20%
22 Michigan
16%
21 Georgia
15%
41 West Virginia
13%
26 Florida
12%
24 Illinois
12%
23 Iowa
12%
39 Maine
12%
40 South Carolina
12%
25 Wisconsin
10%
28 Alabama
9%
27 Arkansas
9%
38 Indiana
9%
30 New York
9%
35 Ohio
9%
29 North Carolina
8%
37 Kentucky
7%
31 Mississippi
7%
32 Pennsylvania
6%
34 Tennessee
6%
36 Virginia
6%
33 Louisiana
5%
No matching quizzes found
Score Distribution
Percent of People with Each Score
Percentile by Number Answered
Your Score History
You have not taken this quiz since the last reset